LEADER 01850nam0 22004093i 450 001 VAN00245285 005 20250108025741.845 017 70$2N$a9789813349889 100 $a20220429d2021 |0itac50 ba 101 $aeng 102 $aSG 105 $a|||| ||||| 181 $ai$b e 182 $ab 200 1 $aGraphene and Nanoparticles Hybrid Nanocomposites$eFrom Preparation to Applications$feditors Abou el Kacem Qaiss, Rachid Bouhfid, Mohammad Jawaid 210 $aSingapore$cSpringer$d2021 215 $aVI, 350 p.$cill.$d24 cm 410 1$1001VAN00243359$12001 $aComposites Science and Technology$1210 $aSingapore$cSpringer$d2020- 620 $aSG$dSingapore$3VANL000061 676 $a540$cChimica generale$v22 676 $a620.11$cMateriali dell'ingegneria$v22 676 $a620.5$cNanotecnologia$v22 676 $a621.39$cMicroingegneria$v22 676 $a620.14$cCeramica e materiali affini$v22 702 1$aBouhfid$bRachid$3VANV200352 702 1$aJawaid$bMohammad$3VANV197788 702 1$aQaiss$bAbou el Kacem$3VANV197789 712 $aSpringer $3VANV108073$4650 790 1$aEl Kacem Qaiss, Abou$zQaiss, Abou el Kacem$3VANV197790 801 $aIT$bSOL$c20250110$gRICA 856 4 $uhttps://link.springer.com/book/10.1007/978-981-33-4988-9$zE-book - Accesso al full-text attraverso riconoscimento IP di Ateneo, proxy e/o Shibboleth 899 $aBIBLIOTECA DEL DIPARTIMENTO DI SCIENZE E TECNOLOGIE AMBIENTALI BIOLOGICHE E FARMACEUTICHE$1IT-CE0101$2VAN17 912 $fN 912 $aVAN00245285 950 $aBIBLIOTECA DEL DIPARTIMENTO DI SCIENZE E TECNOLOGIE AMBIENTALI BIOLOGICHE E FARMACEUTICHE$d17CONS e-book 2222 $e17BIB2222/163 163 20220429 996 $aGraphene and nanoparticles hybrid nanocomposites$92557159 997 $aUNICAMPANIA